000 00905nam2a22002411 4500
001 rc\349236
005 20250621064120.0
035 _a(NLR Aleph) 005631217
090 _a6577190
_c6577190
100 _a20030307d1990 |||y0rusy50 ca
101 0 _arus
102 _aRU
105 _aa |||||||||
200 0 _aЧ. 1
_fАвт. и сост. Керимов Р.
210 _d1990
_aБ. м.
215 _a38, [2] с.
_cил.
461 0 _1001rc\349235
_12001#$aУ-шу китайских мусульман$f[Федерация вост. видов единоборств АзССР]$vЧ. 1
_96577186
_cБаку
_d1990-
_f[Федерация вост. видов единоборств АзССР]
_nБ. и.
_tУ-шу китайских мусульман
_vЧ. 1
701 1 _aКеримов
_bР.
801 0 _aRU
_bNLR
_gpsbo
801 1 _aRU
_bELAR
_2rusmarc
852 _aNLR
_j90-4/7483
942 _cBOOK
980 _aNB